BIBLIOTECA

SENCICO

Tradición y modernidad en la arquitectura del Mantaro / (Registro nro. 4053)

Detalles MARC
000 -LEADER
fixed length control field 01055nam a22003137a 4500
003 - CONTROL NUMBER IDENTIFIER
control field PE SENCICO BE
005 - DATE AND TIME OF LATEST TRANSACTION
control field 20251020182633.0
008 - FIXED-LENGTH DATA ELEMENTS--GENERAL INFORMATION
fixed length control field 230308b |||||||| |||| 00| 0 eng d
040 ## - CATALOGING SOURCE
Original cataloging agency PE SENCICO BE
Transcribing agency PE SENCICO BE
041 ## - LANGUAGE CODE
Language code of text/sound track or separate title spa
082 ## - DEWEY DECIMAL CLASSIFICATION NUMBER
Classification number 711.4
Item number T
245 1# - TITLE STATEMENT
Title Tradición y modernidad en la arquitectura del Mantaro /
Statement of responsibility, etc. Jorge Burga, Cesar Moncloa, Manuel Perales ...[y otros]
250 ## - EDITION STATEMENT
Edition statement [1a ed.]
260 ## - PUBLICATION, DISTRIBUTION, ETC.
Place of publication, distribution, etc. Lima :
Name of publisher, distributor, etc. Universidad Continental,
Date of publication, distribution, etc. 2014
300 ## - PHYSICAL DESCRIPTION
Extent 271 p. :
Other physical details il. col., diagrs.,
Dimensions 23 cm.
504 ## - BIBLIOGRAPHY, ETC. NOTE
Bibliography, etc. note Bibliografía : p. [272-278].
650 14 - SUBJECT ADDED ENTRY--TOPICAL TERM
9 (RLIN) 762
Topical term or geographic name entry element Diseño urbano
650 24 - SUBJECT ADDED ENTRY--TOPICAL TERM
9 (RLIN) 570
Topical term or geographic name entry element Arquitectura urbana
650 24 - SUBJECT ADDED ENTRY--TOPICAL TERM
9 (RLIN) 762
Topical term or geographic name entry element Diseño urbano
650 24 - SUBJECT ADDED ENTRY--TOPICAL TERM
9 (RLIN) 636
Topical term or geographic name entry element Proyectos urbanos
650 24 - SUBJECT ADDED ENTRY--TOPICAL TERM
9 (RLIN) 370
Topical term or geographic name entry element Arquitectura de viviendas
651 10 - SUBJECT ADDED ENTRY--GEOGRAPHIC NAME
9 (RLIN) 787
Geographic name Valle del Río Mantaro (Junin)
651 10 - SUBJECT ADDED ENTRY--GEOGRAPHIC NAME
9 (RLIN) 661
Geographic name Perú
700 1# - ADDED ENTRY--PERSONAL NAME
9 (RLIN) 784
Personal name Burga, Jorge
Relator term autor
700 1# - ADDED ENTRY--PERSONAL NAME
9 (RLIN) 785
Personal name Moncloa, César
Relator term autor
700 1# - ADDED ENTRY--PERSONAL NAME
9 (RLIN) 786
Personal name Perales, Manuel
Relator term autor
910 ## - USER-OPTION DATA (OCLC)
-- hfp
-- hfp
942 ## - ADDED ENTRY ELEMENTS (KOHA)
Source of classification or shelving scheme Dewey Decimal Classification
Koha item type Libros
Classification part 711.4
Item part T
Existencias
Fecha de la última vez que lo usaron Número de ingreso o de inventario Pago total Signatura topográfica completa Precio efectivo desde Tipo de documento Estado perdido Sistema de clasificación Estado dañado No es para préstamo Retirado Ubicación permanente Ubicación actual Fecha de adquisición
08/03/2023 16345   711.4/T 08/03/2023 Libros   Dewey Decimal Classification       Biblioteca Central Lima Biblioteca Central Lima 08/03/2023